My Hero Academia 225 Personnages sans Indices - Statistiques

Statistiques générales
  • Ce quiz a été pris 105 fois
  • Le résultat moyen est 63 sur 225
Statistiques - réponses
Numéro Personnage % Correct
1 Izuku Midoriya / Deku
100%
2 Katsuki Bakugo / Great God Bomberkill Dynamight
99%
3 Shoto Todoroki / Shoto
97%
55 All Might / Toshinori Yagi
90%
5 Ochaco Uraraka / Uravity
90%
4 Tenya Iida / Ingenium
87%
6 Tsuyu Asui / Froppy
86%
7 Eijiro Kirishima / Red Riot
84%
131 En Tayutai / Smoke-Eater (Gaen)
84%
9 Momo Yaoyorozu / Creaty
84%
8 Denki Kaminari / Chargeclair
83%
56 Eraser Head / Shota Aizawa
80%
137 Tomura Shigaraki / Tenko Shimura
80%
78 Endeavor / Enji Todoroki
78%
139 Crématorium / Toya Todoroki (Dabi)
77%
12 Mina Ashido / Pinky
77%
11 Minoru Mineta / Grape Juice
77%
136 All For One / Zen Shigaraki
72%
10 Fumikage Tokoyami / Tsukuyomi
71%
141 Himiko Toga
70%
13 Kyoka Jiro / Earphone Jack
70%
45 Mirio Togata / Lemillion
68%
79 Hawks / Keigo Takami
67%
19 Toru Hagakure / Invisible Girl
67%
20 Yuga Aoyama / Can't Stop Twinkling
67%
89 Mt. Lady / Yu Takeyama
65%
15 Koji Koda / Anima
62%
18 Mashirao Ojiro / Tail Man
61%
58 Midnight / Nemuri Kayama
61%
14 Mezo Shoji / Tentapoulpe
59%
80 Best Jeanist / Tsunagu Hakamada
58%
218 Eri
58%
57 Present Mic / Hizashi Yamada
58%
17 Rikido Sato / Sugar Man
58%
132 Nana Shimura
55%
140 Twice / Jin Bubaigawara
55%
16 Hanta Sero / Cellophane
54%
172 Overhaul / Kai Chisaki
54%
184 Stain / Chizome Akaguro
54%
143 Spinner / Shuichi Iguchi
52%
23 Tetsutetsu Tetsutetsu / Real Steel
52%
217 Kota Izumi
51%
47 Nejire Hado / Nejire
51%
46 Tamaki Amajiki / Sun Eater
51%
178 Yu Hojo
51%
142 Mister Compress / Atsuhiro Sako
49%
21 Neito Monoma / Phantom Thief
49%
60 Nezu / M. le Toba
49%
41 Hitoshi Shinso / Night Hide
48%
175 Shin Nemoto
46%
138 Black Mist / Oboro Shirakumo
45%
63 Cementos / Ken Ishiyama
45%
81 Edgeshot / Shinya Kamihara
45%
94 Gran Torino / Sorahiko Torino
45%
42 Mei Hatsume
45%
82 Mirko / Rumi Usagiyama
45%
22 Itsuka Kendo / Battle Fist
43%
111 Lock Lock / Ken Takagi
43%
145 Muscular / Goto Imasuji
43%
84 Dieu Sylvestre / Shinji Nishiya
42%
110 Fat Gum / Taishiro Toyomitsu
42%
190 Oji Harima
42%
180 Kendo Rappa
38%
205 Rei Todoroki
38%
222 Ryu Yoshida
38%
88 Gang Orca / Kugo Sakamata
36%
62 Numero 13 / Anan Kurose
36%
85 Wash / Susugu Mitarai
36%
207 Fuyumi Todoroki
35%
186 Love Lover / Manami Aiba
35%
107 Sir Nighteye / Mirai Sasaki
35%
59 Vlad King / Sekijiro Kan
35%
93 Ingenium / Tensei Iida
33%
87 Ryukyu / Ryuko Tatsuma
33%
74 Yo Shindo / Richter
33%
151 Brainless du SCA
32%
185 Gentle / Danjuro Tobita
32%
24 Ibara Shiozaki / Vine
32%
206 Natsuo Todoroki
32%
65 Snipe
32%
61 Recovery Girl / Chiyo Shuzenji
30%
177 Toya Setsuno
30%
108 Centipede / Juzo Moashi
29%
64 Ectoplasm
29%
191 Lady Nagant / Kaina Tsutsumi
29%
144 Magnet / Kenji Hikiishi
29%
103 Pixie-Bob / Ryuko Tsuchikawa
29%
164 Re-Destro / Rikiya Yotsubashi
29%
40 Manga Fukidashi / Comicman
28%
104 Ragdoll / Tomoko Shiretoko
28%
109 Bubble Girl / Kaoruko Awata
26%
83 Crust
26%
148 Gigantomachia
26%
25 Juzo Honenuki / Mudman
26%
95 Manual / Masaki Mizushima
26%
105 Tora / Yawara Chatora
26%
67 Hound Dog / Ryo Inui
25%
69 Inasa Yoarashi / Ouragan
25%
102 Mandalay / Shino Sosaki
25%
29 Setsuna Tokage / Lizardy
25%
36 Hiryu Rin / Dragon Armor
23%
35 Jurota Shishida / Gevaudan
23%
202 Inko Midoriya
22%
39 Kojiro Bondo / Maquette
22%
73 Miss Joke / Emi Fukukado
22%
146 Moonfish
22%
34 Pony Tsunotori / Rocketti
22%
37 Reiko Yanagi / Emily
22%
30 Shihai Kuroiro / Vantablack
22%
38 Yui Kodai / Rule
22%
189 Destro / Chikara Yotsubashi
20%
31 Kinoko Komori / Magirolle
20%
133 Star and Stripes / Cathleen Bate
20%
26 Yosetsu Awase / Welder
20%
70 Camie Utsushimi / Kemillusion
19%
149 Daruma Ujiko / Kyudai Garaki
19%
27 Kosei Tsuburaba / Tsuburaba
19%
147 Mustard
19%
28 Nirengeki Shoda / Mines
19%
71 Seiji Shishikura / Shishicross
19%
32 Sen Kaibara / Spiral
19%
33 Togaru Kamakiri / Jack Mantis
19%
96 Gun Head
17%
68 Lunch Rush
17%
86 Samouraï / Yoroi Musha
17%
203 Mitsuki Bakugo
16%
66 Power Loader / Higari Maijima
16%
126 Yoichi Shigaraki
16%
204 Masaru Bakugo
14%
174 Mimic / Joi Irinaka
14%
197 Naomasa Tsukauchi
14%
99 Selkie
14%
92 Air-Jet
13%
173 Chronostasis / Hari Kurono
13%
97 Fourth Kind
13%
150 Giran / Kagero Okuta
13%
100 Sirius
13%
127 Toshitsugu Kudo
13%
49 Bibimi Kenranzaki
12%
72 Nagamasa Mora / Chewyee
12%
211 Nao Shimura
12%
75 Tatami Nakagame / Turtle Neck
12%
48 Yuyu Haya
12%
91 Backdraft
10%
224 Dai
10%
130 Daigoro Banjo / Lariat
10%
212 Hana Shimura
10%
129 Hikage Shinomori
10%
77 Itejiro Toteki / Boomerang Man
10%
210 Kotaro Shimura
10%
122 Majestic / Enma Kannagi
10%
44 Mawata Fuwa
10%
198 Sansa Tamakawa
10%
76 Shikkui Makabe / Mr Smith
10%
166 Skeptic / Tomoyasu Chikazoku
10%
167 Trumpet / Koku Hanabata
10%
114 X-Less
10%
90 Bare Handeath
9%
115 Crimson Riot
9%
168 Curious / Chitose Kizuki
9%
182 Deidoro Sakaki
9%
199 Kenji Tsuragamae
9%
209 Mika Jiro
9%
101 Red Skin
9%
176 Rikiya Katsukame
9%
121 Shishido
9%
169 Sliding Go / Tatsuyuki Tokoname
9%
179 Soramitsu Tabe
9%
98 Uwabami
9%
106 Water Horse
9%
201 Yokumiru Mera
9%
165 Apocrypha / Himura (Geten)
7%
128 Bruce Lee
7%
118 Burnin' / Moe Kamiji
7%
50 Chikuchi Togeike
7%
181 Hekiji Tengai
7%
162 Johnny
7%
208 Kyotoku Jiro
7%
163 Mocha
7%
112 Mr. Brave
7%
116 Snatch / Sajin Higawara
7%
51 Tsutsutaka Agoyamato
7%
159 Woman
7%
125 Briarée
6%
124 Gygès
6%
220 Hiroshi Tameda
6%
120 Onima
6%
223 Saito
6%
117 Takeshita
6%
119 Trajectoire (Kido)
6%
213 Chizuo Magi
4%
192 Dictator
4%
158 Eleph
4%
188 Ending
4%
219 Komari Ikoma
4%
183 Le Gluant / Sludge Villain
4%
214 Mako Magi
4%
200 M. Gori
4%
157 Ribby
4%
134 Salaam
4%
113 Slash Man
4%
135 Big Red Dot
3%
155 Brainless Tronçonneuse
3%
161 Chubs
3%
196 Ethan Drive
3%
52 Futo Nagashira
3%
156 Hood
3%
43 Maina Furasu
3%
187 Serviteur des Étoiles
3%
195 Timothy Agpar
3%
221 Untenmaru Kurumada
3%
170 Amplivolt
1%
152 Brainless Ailé
1%
154 Brainless à Quatre Yeux
1%
153 Brainless Sans-Yeux
1%
123 Eel Boy
1%
194 Gashly Eijiju
1%
225 Koki Terumoto
1%
53 Komako Masu
1%
193 Kunieda
1%
215 Monchan
1%
160 Robot
1%
171 Takaie Kanigumo
1%
216 Tomie Takami
1%
54 Ronaudo Kaege
0%
Aucun quiz correspondant
Distribution des résultats
% des personnes avec chaque résultat
Percentile par nombre de réponses
Votre historique - résultats
Vous n’avez pas pris ce quiz